000 01343pam a2200325 a 4500
999 _c3457
_d3457
001 1965615
003 GZU
005 20201130144831.0
008 880728s1989 ilua b 101 0 eng
010 _a 88025159
020 _a0226902951 (alk. paper)
040 _aDLC
_cDLC
_dDLC
043 _an-us---
050 0 0 _aHQ1064
_bECO 1989
245 0 4 _aThe Economics of aging /
_cedited by David A. Wise.
260 _aChicago :
_bUniversity of Chicago Press,
_c1989.
300 _aix, 416 p. :
_bill. ;
_c24 cm.
440 2 _aA National Bureau of Economic Research project report
500 _a"Papers presented at a conference held at the Bourbon Orleans Hotel, New Orleans, Louisiana, 19-21 March 1987"--Acknowledgments.
504 _aIncludes bibliographies and indexes.
650 0 _aOlder people
_zUnited States
_xEconomic conditions
_vCongresses.
650 0 _aOld age
_xEconomic aspects
_zUnited States
_vCongresses.
650 0 _aOlder people
_xHousing
_zUnited States
_vCongresses.
650 0 _aRetirement
_xEconomic aspects
_zUnited States
_vCongresses.
700 1 _aWise, David A.
710 2 _aNational Bureau of Economic Research.
906 _a7
_bcbc
_corignew
_d1
_eocip
_f19
_gy-gencatlg
942 _2lcc
_cBK
_h1064
_iECO
_kHQ